004310000a2200133000450024500800000065000160008065000170009665000210011365000210013465100220015504100130017710000280019077300790021810aNature of enviromental changes in South America at the last Glacial Maximum14aEvolución14aVegetación14aCambio Climatico14aPaleogeografía 4pAmérica del Sur0 aInglés1 aClapperton, Chalmers M.1 tPalaeogeography, Palaeoclimatology, Palaeoecology3396h101q189-208d1993